[Event "29th World Junior Girls"]
[Site "Chennai IND"]
[Date "2011.08.06"]
[Round "5"]
[White "Dogodkina,J"]
[Black "Krumova,A"]
[Result "1-0"]
[WhiteElo "2193"]
[BlackElo "1961"]
[EventDate "2011.08.02"]

1. e4 c5 2. c3 g6 3. d4 cxd4 4. cxd4 d5 5. e5 Nc6 6. Nc3 Bg7 7. Bb5 Nh6 8.
Qa4 Bd7 9. Bd2 a6 10. Bxc6 Bxc6 11. Qb3 O-O 12. f4 Nf5 13. Nf3 e6 14. O-O
h5 15. a4 Qb8 16. Ne2 Rc8 17. h3 Bf8 18. g4 hxg4 19. hxg4 Nh6 20. f5 exf5
21. Bxh6 Bxh6 22. gxf5 Kh7 23. fxg6+ fxg6 24. e6 Qd6 25. Ng5+ Kg8 26. Qh3
1-0

[Event "29th World Junior Girls"]
[Site "Chennai IND"]
[Date "2011.08.06"]
[Round "5"]
[White "Romero Echeverria,A"]
[Black "Terao,J"]
[Result "0-1"]
[WhiteElo "2071"]
[BlackElo "2168"]
[EventDate "2011.08.02"]

1. e4 c5 2. c3 d5 3. exd5 Qxd5 4. d4 Nf6 5. Nf3 Nc6 6. Be2 e6 7. O-O cxd4
8. cxd4 Be7 9. Nc3 Qd6 10. Be3 O-O 11. Qb3 b6 12. Rfd1 Bb7 13. a3 Rac8 14.
Qa2 Rfd8 15. Rac1 Ng4 16. Ne4 Qb8 17. Ng3 Nxe3 18. fxe3 Bd6 19. Nf1 Ne7 20.
Qb1 h6 21. b4 Nd5 22. Qb2 a6 23. Bd3 b5 24. Bb1 Nb6 25. N3d2 Qa8 26. e4 Bf4
27. Rxc8 Rxc8 28. g3 Na4 29. Qb3 Rc3 30. Qa2 Bg5 31. Re1 Qa7 32. Kg2 Qxd4
33. Nf3 Qf6 34. Nxg5 hxg5 35. Re3 Rxe3 36. Nxe3 Nc3 37. Qb2 Qd4 38. Kf3
Qxe3+ 0-1

[Event "29th World Junior Girls"]
[Site "Chennai IND"]
[Date "2011.08.06"]
[Round "5"]
[White "Lkhamsuren,U"]
[Black "Gevorgyan,M"]
[Result "1-0"]
[WhiteElo "2163"]
[BlackElo "2068"]
[EventDate "2011.08.02"]

1. e4 e5 2. Nf3 Nf6 3. Nxe5 d6 4. Nf3 Nxe4 5. Nc3 Nxc3 6. dxc3 Be7 7. Be3
Nc6 8. Qd2 Be6 9. O-O-O Qd7 10. Kb1 O-O-O 11. Nd4 Nxd4 12. Qxd4 c5 13. Qxg7
Rdg8 14. Qh6 Rg6 15. Qf4 Bg5 16. Qe4 Re8 17. Qd3 Bxe3 18. fxe3 a6 19. Qd2
Qa4 20. b3 Qa3 21. Bd3 Rg4 22. c4 Rd8 23. g3 Rd7 24. Rhf1 d5 25. cxd5 Rxd5
26. c4 Rd6 27. Qc2 Rg5 28. Bxh7 Rb6 29. Bf5 Rxf5 30. Rxf5 a5 31. Rf2 a4 32.
Qb2 Qb4 33. Qh8+ 1-0

[Event "29th World Junior Girls"]
[Site "Chennai IND"]
[Date "2011.08.06"]
[Round "5"]
[White "Hema,P"]
[Black "Vo Thi Kim Phung"]
[Result "1/2-1/2"]
[WhiteElo "1885"]
[BlackElo "2141"]
[EventDate "2011.08.02"]

1. d4 Nf6 2. c4 e6 3. Nf3 Bb4+ 4. Nbd2 O-O 5. g3 Ne4 6. Bg2 Nxd2 7. Bxd2
Qe7 8. O-O Bxd2 9. Qxd2 d6 10. Rac1 Nd7 11. Rfe1 h6 12. e4 e5 13. c5 dxc5
14. dxc5 Nf6 15. Qb4 a5 16. Qc3 Re8 17. a3 Bg4 18. Nh4 Bd7 19. Nf5 Bxf5 20.
exf5 e4 21. h3 Qe5 22. Qxe5 Rxe5 23. Rc4 Rae8 24. g4 b5 25. cxb6 cxb6 26.
b4 axb4 27. Rxb4 Ra5 28. Rxb6 Rxa3 29. Rb4 e3 30. fxe3 Raxe3 31. Rxe3 Rxe3
32. Rb8+ Re8 33. Rxe8+ Nxe8 34. Kf2 Kf8 35. Ke3 Ke7 36. Kf4 Kd6 37. Bf3 Nf6
38. Bg2 Kc5 39. h4 Kd4 40. Bc6 Kc5 41. Bf3 Nd7 42. Bg2 Kd4 43. Bf3 Ne5 44.
Be2 Nc6 45. Bf3 Nb4 46. Be4 Nd5+ 47. Bxd5 Kxd5 48. h5 f6 49. Kf3 Kc5 50.
Ke3 Kc6 51. Ke4 Kc5 52. Ke3 Kd5 53. Kf3 Kd4 54. Kf4 Kd3 55. Kf3 Kd2 56. Ke4
1/2-1/2

[Event "29th World Junior Girls"]
[Site "Chennai IND"]
[Date "2011.08.06"]
[Round "5"]
[White "Michelle Catherina,P"]
[Black "Saranya,J"]
[Result "0-1"]
[WhiteElo "2052"]
[BlackElo "2121"]
[EventDate "2011.08.02"]

1. e4 c5 2. Nf3 d6 3. d4 cxd4 4. Nxd4 Nf6 5. Nc3 a6 6. Bc4 e6 7. Bb3 b5 8.
O-O Be7 9. Qf3 Qc7 10. Qg3 Nc6 11. Nf5 Bb7 12. Nxg7+ Kd7 13. Qh3 Nd4 14.
Nd5 Qc5 15. Be3 Nxe4 16. Nxe7 Kxe7 17. Rfd1 Ne2+ 18. Kf1 Qe5 19. Nh5 Rag8
20. Kxe2 Rxg2 21. Qxg2 Nc3+ 22. bxc3 Bxg2 23. Nf4 Bb7 24. h3 Rc8 25. a4
Rxc3 26. axb5 Qxb5+ 27. Nd3 Be4 28. Ba4 Qc4 29. h4 f5 30. Bb3 Qb5 31. Bg5+
Kf7 32. Rab1 Qc6 33. Kd2 a5 34. Ba4 Qc4 35. Bb3 Rxd3+ 36. cxd3 Qxd3+ 37.
Ke1 Qc3+ 38. Bd2 Qe5 39. Kf1 Bd3+ 40. Kg1 Qg7+ 41. Kh2 Bxb1 42. Rxb1 Qd4
43. Be1 Qxh4+ 44. Kg1 Qg4+ 45. Kf1 f4 46. Bc4 f3 47. Rb7+ Kf6 48. Bc3+ e5
49. Rf7+ Kg6 50. Rc7 Qg2+ 51. Ke1 Qg1+ 52. Bf1 Kf6 53. Rc6 Ke6 54. Bxa5 Qg4
55. Rc4 Qf5 56. Bd2 Qb1+ 57. Rc1 Qe4+ 58. Be3 d5 59. Rc6+ Kd7 60. Rc1 d4
61. Rc4 h5 62. Rb4 h4 63. Rc4 Kd6 64. Rb4 h3 65. Bxh3 Qh7 66. Bg4 dxe3 67.
Bxf3 Qf5 68. Ke2 Qc2+ 69. Kxe3 Qc3+ 0-1

[Event "29th World Junior Girls"]
[Site "Chennai IND"]
[Date "2011.08.06"]
[Round "5"]
[White "Savetha,C"]
[Black "Savina,A"]
[Result "0-1"]
[WhiteElo "1992"]
[BlackElo "2398"]
[EventDate "2011.08.02"]

1. e4 c5 2. Nf3 Nc6 3. d4 cxd4 4. Nxd4 e5 5. Nb5 d6 6. N1c3 a6 7. Na3 b5 8.
Nd5 Nce7 9. c4 Nxd5 10. cxd5 Be7 11. Bd3 Bg5 12. O-O Bxc1 13. Qxc1 Ne7 14.
f4 exf4 15. Qxf4 O-O 16. Rae1 Ng6 17. Qe3 Ne5 18. Nc2 Bd7 19. Kh1 Rc8 20.
Nd4 Qb6 21. Nf3 Qxe3 22. Rxe3 Nxd3 23. Rxd3 Rfe8 24. Re1 Rc2 25. Ra3 Bc8
26. Rb3 f5 27. Rb4 Rxe4 28. Rbxe4 fxe4 29. Rxe4 Rc1+ 30. Ng1 Kf7 31. Re2
Rc5 32. b4 Rxd5 33. Rc2 Bd7 34. Rc7 Ke7 35. h3 Rd2 36. a3 Rd3 37. Ne2 Rxa3
38. Nd4 Kd8 39. Rc2 Ra4 40. Rb2 a5 41. Nc2 Kc7 42. bxa5 Rxa5 43. Kg1 Kb6
44. Kf2 Kc5 45. Ke3 Be6 46. Nb4 Bc4 47. Nc2 Ra2 48. Rxa2 Bxa2 49. Kd2 Bb1
50. Ne3 Kd4 51. Nd1 b4 52. Nb2 Be4 53. g3 Bg2 54. h4 Bf1 55. Nd1 b3 56. Nb2
d5 57. Na4 h5 58. Nb2 Bc4 59. Nd1 Ke4 0-1

[Event "29th World Junior Girls"]
[Site "Chennai IND"]
[Date "2011.08.06"]
[Round "5"]
[White "Agrest,I"]
[Black "Sahari,J"]
[Result "1-0"]
[WhiteElo "2220"]
[BlackElo "1911"]
[EventDate "2011.08.02"]

1. e4 c5 2. Nf3 d6 3. d4 cxd4 4. Nxd4 Nf6 5. Nc3 a6 6. Bg5 e6 7. f4 Be7 8.
Qf3 Qc7 9. O-O-O Nbd7 10. g4 b5 11. Bxf6 Nxf6 12. g5 Nd7 13. f5 Bxg5+ 14.
Kb1 Ne5 15. Qh5 Qe7 16. Nxe6 Bxe6 17. fxe6 g6 18. exf7+ Kxf7 19. Qe2 Kg7
20. Nd5 Qd8 21. h4 Bh6 22. Bh3 Ra7 23. h5 Rf8 24. hxg6 hxg6 25. Rdg1 Nf3
26. Rxg6+ Kxg6 27. Bf5+ Rxf5 28. exf5+ Kh7 29. Qe3 Ra8 1-0

[Event "29th World Junior Girls"]
[Site "Chennai IND"]
[Date "2011.08.06"]
[Round "5"]
[White "Hoang Thi Nhu Y"]
[Black "Shweta,G"]
[Result "0-1"]
[WhiteElo "2204"]
[BlackElo "1922"]
[EventDate "2011.08.02"]

1. c4 c5 2. Nc3 Nc6 3. g3 e5 4. Bg2 g6 5. d3 Bg7 6. Be3 d6 7. Qc1 Nd4 8.
Rb1 Rb8 9. a3 Ne7 10. b4 Nef5 11. Bd2 b6 12. e3 Ne6 13. Nf3 Ne7 14. h4 h6
15. Nd5 Nc7 16. Nxc7+ Qxc7 17. e4 Nc6 18. b5 Nd8 19. Ng1 Ne6 20. Ne2 Bb7
21. f4 f5 22. O-O Nd4 23. Nc3 fxe4 24. dxe4 h5 25. f5 gxf5 26. exf5 Qf7 27.
f6 Bf8 28. Nd5 Ne2+ 29. Kh2 Nxc1 30. Rbxc1 Bh6 31. Rcd1 Bxd2 32. Rxd2 Kf8
33. Bh3 Bxd5 34. cxd5 Rb7 35. Be6 Qg6 36. Rdf2 Qd3 37. f7 Rh6 38. Rf5 Rg6
39. R1f3 Qc2+ 40. Rf2 Qd1 41. Rg5 Rxg5 42. hxg5 Qe1 43. Kg2 Qe4+ 44. Kh3
Re7 0-1

[Event "29th World Junior Girls"]
[Site "Chennai IND"]
[Date "2011.08.06"]
[Round "5"]
[White "Akshaya,A"]
[Black "Bharathi,R"]
[Result "1/2-1/2"]
[WhiteElo "1966"]
[BlackElo "2117"]
[EventDate "2011.08.02"]

1. e4 c5 2. Nf3 Nc6 3. Bb5 e6 4. O-O Nge7 5. Re1 a6 6. Bf1 d5 7. exd5 Nxd5
8. Nc3 Be7 9. g3 Nf6 10. Bg2 O-O 11. d3 Ra7 12. Ng5 Nd4 13. Nge4 Nxe4 14.
Nxe4 b6 15. Be3 Rd7 16. Bxd4 Rxd4 17. Qe2 Qc7 18. f4 Rd7 19. Kh1 Bb7 20.
Nd2 Bf6 21. Nc4 Bd4 22. Rab1 b5 23. Ne5 Rd6 24. Bxb7 Qxb7+ 25. Qe4 Qc7 26.
Nf3 Rfd8 27. Ng5 g6 28. Qf3 Bg7 29. Ne4 Rd4 30. a3 h6 31. Re2 c4 32. Nf2
R4d5 33. Kg2 Bd4 34. dxc4 bxc4 35. Ng4 h5 36. Ne3 Bxe3 37. Qxe3 Qd6 38.
Rbe1 Rb8 39. Qc3 Qc6 40. Kh3 Qb5 41. Re4 Rc5 42. Rd1 Rcc8 43. Red4 Qf5+ 44.
Kg2 h4 45. R1d2 h3+ 46. Kf3 Qb5 47. g4 g5 48. fxg5 Qxg5 49. Rd7 e5 50. Kg3
Qf4+ 51. Kxh3 Rc6 52. Qg3 Rh6+ 53. Kg2 Qe4+ 54. Kg1 Rxb2 55. Qg2 Rb1+ 56.
Rd1 Qe3+ 57. Kh1 Rxd1+ 58. Rxd1 Qxa3 59. Qe4 Qc3 60. Qf5 Qe3 61. Rf1 Rh7
62. Qc8+ Kg7 63. Qf5 Qa7 64. Qe4 Qd4 65. Rxf7+ Kxf7 66. Qxh7+ Kf8 67. Qf5+
Kg8 68. g5 Qd5+ 69. Kg1 Qd1+ 70. Kg2 Qd2+ 71. Kg3 Qe1+ 72. Kg2 Qe2+ 73. Kg3
Qe1+ 74. Kg2 Qe2+ 75. Kh3 a5 76. Qg6+ Kf8 77. Qf6+ Kg8 78. Qe6+ Kf8 79.
Qd6+ Kg8 80. Qg6+ Kf8 81. Qf6+ Kg8 82. Qd8+ Kg7 83. Qf6+ Kg8 84. Qd8+
1/2-1/2

[Event "29th World Junior Girls"]
[Site "Chennai IND"]
[Date "2011.08.06"]
[Round "5"]
[White "Heredia Serrano,C"]
[Black "Mahalakshmi,M"]
[Result "0-1"]
[WhiteElo "2072"]
[BlackElo "1901"]
[EventDate "2011.08.02"]

1. e4 c6 2. Nc3 d5 3. Qf3 d4 4. Bc4 Nf6 5. e5 dxc3 6. exf6 exf6 7. dxc3 Bd6
8. Be3 O-O 9. O-O-O Qc7 10. Qh5 Be6 11. Bxe6 fxe6 12. Nf3 Nd7 13. Rd2 f5
14. Rhd1 Nf6 15. Qh4 Rad8 16. Bg5 Be7 17. Nd4 Qc8 18. Bxf6 Bxf6 19. Qg3 e5
20. Nb3 Rxd2 21. Rxd2 h6 22. Rd6 Qc7 23. Qd3 Rd8 24. Rxd8+ Qxd8 25. Nc5 b6
26. Qc4+ Kh8 27. Ne6 Qd6 28. b4 a5 29. bxa5 bxa5 30. Nc5 Bg5+ 31. Kb2 Be7
32. Nd3 e4 33. Nc1 Bf6 34. Nb3 Qc7 35. a4 Qb6 36. Qc5 Qxc5 37. Nxc5 Bd8 38.
Nb7 Bb6 39. Kc1 g6 40. c4 Kg7 41. c5 Bc7 42. Kd2 Kf7 43. Kc3 Ke6 44. Kd4 g5
45. g3 h5 46. h4 gxh4 47. gxh4 Be5+ 48. Kc4 Bc7 49. Kd4 Kf6 50. c3 Ke6 51.
c4 Kf6 52. Nd6 Ke6 53. Nb7 Be5+ 54. Ke3 Bc7 55. Kd4 Kd7 56. Ke3 Ke7 57. Ke2
f4 58. Kd2 Ke6 59. Kc3 Be5+ 60. Kd2 Bc7 61. Kc3 Kf5 62. Nd6+ Kg4 63. Nxe4
Kxh4 64. Kd4 Kg4 65. Nf6+ Kg5 66. Ne4+ Kf5 67. f3 Be5+ 68. Kd3 h4 69. Nf2
Bb2 70. Ng4 h3 71. Nh6+ Kg5 72. Ng4 Kh4 73. Ke4 Kg3 74. Nh6 h2 75. Nf5+ Kf2
0-1

[Event "29th World Junior Girls"]
[Site "Chennai IND"]
[Date "2011.08.06"]
[Round "5"]
[White "Lasya,G"]
[Black "Ivana Maria,F"]
[Result "1/2-1/2"]
[WhiteElo "1898"]
[BlackElo "2012"]
[EventDate "2011.08.02"]

1. e4 c6 2. Nc3 d5 3. d4 dxe4 4. Nxe4 Bf5 5. Ng3 Bg6 6. h4 h6 7. Nf3 Nd7 8.
h5 Bh7 9. Bd3 Bxd3 10. Qxd3 e6 11. Bf4 Qa5+ 12. Bd2 Qc7 13. O-O-O Ndf6 14.
Ne4 O-O-O 15. g3 Nxe4 16. Qxe4 Nf6 17. Qe2 Bd6 18. c4 c5 19. Bc3 cxd4 20.
Nxd4 a6 21. Kb1 Rhe8 22. Nb3 Qc6 23. Rhe1 Bc7 24. Rc1 Kb8 25. c5 Rd5 26.
Bxf6 gxf6 27. Qe3 Rxh5 28. Nd4 Qa4 29. b3 Qa5 30. c6 Re5 31. cxb7 Rxe3 32.
Nc6+ Kxb7 33. Nxa5+ Bxa5 34. Rxe3 Bd2 35. Rd3 Bxc1 36. Kxc1 Kc6 37. Rd4 e5
38. Rh4 Rh8 39. Kd2 h5 40. Ke3 f5 41. f3 Kd5 42. Ra4 Ra8 43. Ra5+ Ke6 44.
b4 h4 45. gxh4 f4+ 46. Ke2 Kf5 47. b5 Rb8 48. bxa6 f6 49. a7 Ra8 50. Kd3
Kg6 51. Ke4 Kh5 52. Kf5 Kxh4 53. Kxf6 Kg3 54. Kxe5 Kxf3 55. Kd6 Kg4 56. Ra4
Kg3 57. Kc5 f3 58. Ra6 f2 59. Rg6+ Kh3 60. Rf6 Kg2 61. Kb6 Rg8 62. Kb7 Rg7+
63. Ka6 Rg8 64. Kb7 Rg7+ 65. Kb8 Rg8+ 66. Kc7 Rg7+ 1/2-1/2

[Event "29th World Junior Girls"]
[Site "Chennai IND"]
[Date "2011.08.06"]
[Round "5"]
[White "Arunima,K"]
[Black "Tsatsalashvili,K"]
[Result "0-1"]
[WhiteElo "1867"]
[BlackElo "2318"]
[EventDate "2011.08.02"]

1. e4 c5 2. c3 Nf6 3. e5 Nd5 4. d4 cxd4 5. cxd4 e6 6. Nf3 d6 7. a3 Nc6 8.
Bd3 g6 9. O-O Bg7 10. Re1 O-O 11. Bd2 Qb6 12. Nc3 Nxd4 13. Nxd5 exd5 14.
Nxd4 Qxd4 15. Bc3 Qb6 16. exd6 Bxc3 17. bxc3 Qxd6 18. Qb3 b6 19. Rad1 Be6
20. Be2 Rac8 21. Bf3 Rc5 22. Rd4 Rfc8 23. Re3 Qc6 24. c4 Rxc4 25. Rxc4 Qxc4
26. Qxc4 Rxc4 27. h3 d4 0-1

[Event "29th World Junior Girls"]
[Site "Chennai IND"]
[Date "2011.08.06"]
[Round "5"]
[White "Olsarova,K"]
[Black "Martinez,Ay"]
[Result "1-0"]
[WhiteElo "2282"]
[BlackElo "2011"]
[EventDate "2011.08.02"]

1. e4 c5 2. Nf3 e6 3. b3 b6 4. d4 cxd4 5. Nxd4 Bb7 6. Nb5 d5 7. Bf4 Na6 8.
exd5 exd5 9. Qe2+ Kd7 10. Qg4+ Ke8 11. N1c3 Nf6 12. Qe2+ Kd7 13. O-O-O Bc5
14. g3 Qe7 15. Bh3+ Ke8 16. Qd2 Ne4 17. Nxe4 dxe4 18. Qc3 Bc6 19. Qxg7 Qf8
20. Qe5+ 1-0

[Event "29th World Junior Girls"]
[Site "Chennai IND"]
[Date "2011.08.06"]
[Round "5"]
[White "Shristi,J"]
[Black "Fataliyeva,U"]
[Result "0-1"]
[WhiteElo "1927"]
[BlackElo "2107"]
[EventDate "2011.08.02"]

1. e4 e6 2. d3 d5 3. Nd2 Nf6 4. Ngf3 Bc5 5. Nb3 Bb6 6. e5 Nfd7 7. a4 a5 8.
d4 c5 9. c3 Nc6 10. Bf4 cxd4 11. Nbxd4 Qe7 12. Nb5 O-O 13. Bd3 f6 14. exf6
Qxf6 15. Bg5 Qf7 16. Be3 Bxe3 17. fxe3 Nf6 18. O-O Qe7 19. Qe2 e5 20. e4
dxe4 21. Bc4+ Kh8 22. Nd2 Qc5+ 23. Kh1 Bg4 24. Nb3 Bxe2 25. Nxc5 Bxc4 26.
Rfe1 b6 27. Nxe4 Nxe4 28. Rxe4 Rf1+ 29. Rxf1 Bxf1 30. Kg1 Bd3 31. Re3 Bc2
32. Nd6 Ra7 33. Nc4 Bb3 34. Nxb6 Rb7 35. Nc8 Bxa4 36. Re2 Bb3 37. Rd2 Kg8
38. Rd6 Ba4 39. b4 axb4 40. cxb4 Rb8 41. Rxc6 Bxc6 42. Ne7+ Kf7 43. Nxc6
Rb5 44. Kf2 Ke6 45. Ke3 Rb6 46. Na5 Rxb4 47. g3 Kd5 48. Kd3 Rb5 0-1

[Event "29th World Junior Girls"]
[Site "Chennai IND"]
[Date "2011.08.06"]
[Round "5"]
[White "Edes,Z"]
[Black "Bala Kannamma,P"]
[Result "0-1"]
[WhiteElo "2067"]
[BlackElo "1931"]
[EventDate "2011.08.02"]

1. d4 Nf6 2. c4 e6 3. Nc3 Bb4 4. Qc2 c5 5. dxc5 Bxc5 6. Bf4 a6 7. Rd1 O-O
8. Nf3 Nc6 9. a3 Be7 10. e4 Nh5 11. Be3 Qc7 12. Nd4 d6 13. Be2 Nf6 14. O-O
Bd7 15. f4 Rac8 16. Nxc6 Bxc6 17. Bd4 Rfd8 18. f5 e5 19. Be3 b6 20. Bd3 Qb7
21. Rde1 b5 22. b3 Rd7 23. Kh1 bxc4 24. bxc4 Qa8 25. Bg1 Rb8 26. Rb1 Rxb1
27. Rxb1 Rb7 28. Nd5 Kf8 29. h3 Rxb1 30. Qxb1 Qb7 31. Qc2 Bxd5 32. cxd5 Bd8
33. Qa4 a5 34. Qc4 Ke7 35. Be3 h6 36. a4 Nd7 37. Qc2 Bb6 38. Bd2 Qc7 39.
Qb1 Qc5 40. Bb5 Nf6 41. Qe1 Nxe4 42. Bxa5 Ba7 43. Kh2 Qxd5 44. Bb4 Bf2 45.
Qc1 Bg3+ 46. Kh1 Kf6 47. Be1 Nf2+ 48. Bxf2 Bxf2 49. Qf1 Qd2 50. Bc4 h5 51.
a5 Qe1 52. Qxe1 Bxe1 53. a6 Bf2 54. g4 hxg4 55. hxg4 Ba7 56. Kg2 e4 57. Kg3
Ke5 58. Bxf7 d5 59. Be8 d4 60. Ba4 d3 61. Bb5 Kd4 62. g5 e3 63. f6 e2 64.
Kf2 Ke4+ 65. Ke1 Kf3 66. fxg7 Bf2+ 67. Kd2 e1=Q+ 68. Kxd3 Qe4+ 69. Kc3 Qd4+
0-1

[Event "29th World Junior Girls"]
[Site "Chennai IND"]
[Date "2011.08.06"]
[Round "5"]
[White "Savant,R"]
[Black "Pratyusha,B"]
[Result "0-1"]
[WhiteElo "1743"]
[BlackElo "2064"]
[EventDate "2011.08.02"]

1. d4 Nf6 2. Nf3 e6 3. g3 d5 4. Bg2 Be7 5. O-O O-O 6. b3 a5 7. Bb2 a4 8.
Nbd2 a3 9. Bc1 b6 10. c3 Bb7 11. b4 c5 12. Qb3 cxb4 13. cxb4 Qd7 14. Bxa3
Qa4 15. Qxa4 Rxa4 16. Bb2 Bxb4 17. Rfc1 Nc6 18. Rc2 Rfa8 19. Bc1 Ne4 20. e3
Nc3 21. a3 Ne2+ 22. Kf1 Ba6 23. Ke1 Bc3 24. Rb1 Bd3 25. Rxc3 Nxc3 26. Rb3
Na2 27. Rxd3 Na5 28. Bb2 Nc4 29. Rb3 Rc8 30. Ne5 f6 31. Nd3 Nxb2 32. Rxb2
Rxa3 33. Nf4 Nc3 34. Nb3 Na2 35. Nd2 Nc3 36. Nb3 Kf7 37. Ne2 Na4 38. Rb1
Rc2 39. Bf1 Nb2 40. Nbc1 b5 41. Nf4 Rac3 42. Nfd3 b4 43. Be2 b3 44. h3 Ke7
45. h4 e5 46. dxe5 fxe5 47. Bd1 Rxd3 48. Nxd3 Nxd3+ 49. Kf1 Rxf2+ 50. Kg1
b2 51. Bb3 Rd2 52. Bxd5 Nc5 53. Ba2 Na4 54. Re1 Nc3 55. Bb1 Nxb1 56. Rxb1
Rc2 57. Rf1 Rc1 58. g4 b1=Q 59. Rxc1 Qxc1+ 60. Kf2 Qd2+ 61. Kf3 Ke6 62. h5
g5 63. hxg6 hxg6 64. g5 Kf5 65. e4+ Kxg5 66. Kg3 Qe2 67. Kh3 Kf4 68. Kh4
Qh2+ 0-1

[Event "29th World Junior Girls"]
[Site "Chennai IND"]
[Date "2011.08.06"]
[Round "5"]
[White "Guo,E"]
[Black "Frayna,Janelle Mae"]
[Result "0-1"]
[WhiteElo "2029"]
[BlackElo "1875"]
[EventDate "2011.08.02"]

1. d4 Nf6 2. Nf3 g6 3. Nc3 d5 4. Bf4 Bg7 5. e3 O-O 6. Be2 c5 7. Ne5 cxd4 8.
exd4 Nc6 9. O-O Qb6 10. Nxc6 bxc6 11. Na4 Qa5 12. c3 Nd7 13. b4 Qd8 14. Bg5
Re8 15. Qd2 Qc7 16. f4 a5 17. a3 Ba6 18. f5 Bxe2 19. Qxe2 e5 20. f6 exd4
21. Qf2 Bf8 22. cxd4 axb4 23. axb4 Bxb4 24. Nc5 Rxa1 25. Rxa1 Bxc5 26. dxc5
Qe5 27. Ra7 Qxg5 28. Rxd7 Qc1+ 29. Qf1 Qxc5+ 30. Kh1 Qe3 31. h3 h5 32. Qa1
Qe1+ 33. Qxe1 Rxe1+ 34. Kh2 Re6 35. Kg3 Rxf6 36. Kh4 Re6 37. Kg5 Kg7 0-1

[Event "29th World Junior Girls"]
[Site "Chennai IND"]
[Date "2011.08.06"]
[Round "5"]
[White "Hansen,Erl"]
[Black "Hannes,D"]
[Result "0-1"]
[WhiteElo "1770"]
[BlackElo "2188"]
[EventDate "2011.08.02"]

1. d4 Nf6 2. Nf3 e6 3. g3 b5 4. Bg2 Bb7 5. b3 c5 6. O-O Be7 7. Bb2 O-O 8.
a4 b4 9. Nbd2 cxd4 10. Nc4 d5 11. Nxd4 Nc6 12. Nxc6 Bxc6 13. Ne5 Bb7 14. a5
Rc8 15. a6 Ba8 16. Bd4 Bc5 17. Bxc5 Rxc5 18. Nd3 Rb5 19. Ra4 Qb6 20. Qd2
Rb8 21. Rd1 h6 22. Qf4 Nd7 23. Ne5 Nxe5 24. Qxe5 Qc6 25. Ra2 Rc8 26. Qd4
Rb6 27. Rda1 Qc3 28. Qf4 Bc6 29. e4 dxe4 30. Bxe4 g5 31. Qg4 f5 32. Qh5
Bxe4 33. Qxh6 Qg7 34. Qh5 e5 35. Rd1 Qh6 36. Qe2 Qxh2+ 0-1

[Event "29th World Junior Girls"]
[Site "Chennai IND"]
[Date "2011.08.06"]
[Round "5"]
[White "Sithalatchumi,A"]
[Black "Supriya,J"]
[Result "1/2-1/2"]
[WhiteElo "1939"]
[BlackElo "1829"]
[EventDate "2011.08.02"]

1. d4 Nf6 2. c4 g6 3. Nc3 Bg7 4. e4 d6 5. Nf3 O-O 6. Be2 Na6 7. O-O e5 8.
Re1 c6 9. Bf1 exd4 10. Nxd4 Qb6 11. Na4 Qc7 12. f3 Rd8 13. Be3 Nc5 14. Qc2
a5 15. Rad1 Nfd7 16. Nxc5 Nxc5 17. Rd2 b6 18. Red1 Be6 19. f4 Bg4 20. Be2
Bxe2 21. Nxe2 Qe7 22. Ng3 h5 23. Re2 h4 24. Nf1 Re8 25. Nd2 Rad8 26. b3 Qf6
27. a3 Qc3 28. Qxc3 Bxc3 29. Nb1 Bg7 30. Nd2 Bc3 31. Nb1 Bg7 32. Nd2 Bc3
33. Nb1 1/2-1/2

[Event "29th World Junior Girls"]
[Site "Chennai IND"]
[Date "2011.08.06"]
[Round "5"]
[White "Degrande,M"]
[Black "Anjana Krishna,S"]
[Result "1/2-1/2"]
[WhiteElo "1890"]
[BlackElo "1830"]
[EventDate "2011.08.02"]

1. d4 d5 2. c4 e6 3. Nf3 Nf6 4. e3 Be7 5. Nc3 O-O 6. Bd3 Nbd7 7. e4 dxe4 8.
Nxe4 Nxe4 9. Bxe4 Nf6 10. Bc2 Bb4+ 11. Bd2 Bxd2+ 12. Qxd2 b6 13. Rd1 Bb7
14. Qe3 Qd6 15. a3 a5 16. h3 Ba6 17. Ne5 Rad8 18. O-O c6 19. Rfe1 Qc7 20.
b3 Rd6 21. Bd3 Bb7 22. c5 bxc5 23. dxc5 Rd5 24. Nc4 Ba6 25. Nb6 Rxd3 26.
Rxd3 Bxd3 27. Qxd3 Rd8 28. Qa6 Nd7 29. Qxa5 Rb8 30. Rc1 Nxb6 31. cxb6 Qxb6
32. Qxb6 Rxb6 33. b4 Kf8 34. Kf1 Ke7 35. Ke2 Kd6 36. Kd3 Rb5 37. Kc4 Rf5
38. Rc2 Rf4+ 39. Kb3 Rd4 40. a4 Rd3+ 41. Kc4 Ra3 42. a5 Kc7 43. Rd2 e5 44.
Re2 f6 45. f3 Kd6 46. Rd2+ Kc7 47. h4 g6 48. Rf2 f5 49. Re2 Kd6 50. Rd2+
1/2-1/2

[Event "29th World Junior Girls"]
[Site "Chennai IND"]
[Date "2011.08.06"]
[Round "5"]
[White "Shetye,Si"]
[Black "Nivedhitha,J"]
[Result "1/2-1/2"]
[WhiteElo "1890"]
[BlackElo "1743"]
[EventDate "2011.08.02"]

1. d4 Nf6 2. Nf3 g6 3. c4 d6 4. g3 Bg7 5. Bg2 c5 6. d5 O-O 7. Nc3 Na6 8.
O-O Nc7 9. a4 b6 10. e4 a6 11. Qe2 Bd7 12. e5 Nfe8 13. Re1 Rb8 14. exd6
exd6 15. Qe7 f6 16. Qxd8 Rxd8 17. Bf4 Rf7 18. Nd2 h6 19. h4 g5 20. hxg5
fxg5 21. Be3 Nf6 22. Nde4 Nxe4 23. Bxe4 Bf5 24. Bxf5 Rxf5 25. Re2 Be5 26.
Kg2 Rdf8 27. Ne4 Ne8 28. Ra3 Nc7 29. Rb3 Rb8 30. f4 gxf4 31. gxf4 Bxf4 32.
Rf2 Rbf8 33. Bxf4 Rxf4 34. Rxf4 Rxf4 35. Nxd6 Rf6 36. Rxb6 Ne8 37. Nc8 Rxb6
38. Nxb6 Nd6 39. Kf3 Kf7 40. Nd7 Nxc4 41. Nxc5 1/2-1/2

[Event "29th World Junior Girls"]
[Site "Chennai IND"]
[Date "2011.08.06"]
[Round "5"]
[White "Madhurima,S"]
[Black "Narenthran,Savithri"]
[Result "0-1"]
[WhiteElo "1854"]
[BlackElo "1693"]
[EventDate "2011.08.02"]

1. e4 e5 2. Nf3 Nc6 3. Nc3 Nf6 4. Bb5 Nd4 5. Nxe5 Qe7 6. f4 Nxb5 7. Nxb5 d6
8. Nf3 Qxe4+ 9. Kf2 Ng4+ 10. Kg3 Qg6 11. Nh4 Qh5 12. Nxc7+ Kd8 13. h3 Nf6
14. Nxa8 Qxh4+ 15. Kxh4 Ne4 16. Qh5 Be7+ 17. Qg5 Bxg5+ 18. fxg5 h6 19. g6
fxg6 20. g4 Bd7 21. d3 g5+ 22. Kh5 Be8+ 0-1

[Event "29th World Junior Girls"]
[Site "Chennai IND"]
[Date "2011.08.06"]
[Round "5"]
[White "Tejaswini,S"]
[Black "Brunello,R"]
[Result "1/2-1/2"]
[WhiteElo "1690"]
[BlackElo "2036"]
[EventDate "2011.08.02"]

1. e4 e5 2. Nf3 Nc6 3. Bb5 a6 4. Ba4 d6 5. d4 Bd7 6. Nc3 Nf6 7. O-O b5 8.
dxe5 Nxe5 9. Nxe5 dxe5 10. Bb3 Be7 11. Qf3 Bc6 12. Be3 O-O 13. Rad1 Qc8 14.
Nd5 Nxd5 15. Bxd5 Qb7 16. Qg3 Rad8 17. Qf3 Bxd5 18. Rxd5 Rxd5 19. exd5 f5
20. Rd1 Bd6 21. Qe2 f4 22. Bc1 f3 23. gxf3 Qc8 24. Qe4 Rf6 25. Kh1 Qh3 26.
Rg1 Rxf3 27. Be3 Qf5 28. Qxf5 Rxf5 29. Rg5 Rxg5 30. Bxg5 e4 31. Kg2 Kf7 32.
h3 Kg6 33. Be3 Be5 34. b3 b4 35. Bc5 a5 36. a3 Bc3 37. d6 cxd6 38. Bxd6
bxa3 39. Bxa3 Kf5 40. Bc5 g5 41. f3 Ke5 42. fxe4 Kxe4 43. Kg3 h5 44. Bb6
Be1+ 45. Kg2 Bc3 46. Kg3 Ke5 47. Kf3 Kf5 48. Bc7 1/2-1/2

[Event "29th World Junior Girls"]
[Site "Chennai IND"]
[Date "2011.08.06"]
[Round "5"]
[White "Mejia Salinas,Lluvia Angelica"]
[Black "Salini,R"]
[Result "0-1"]
[WhiteElo "1889"]
[BlackElo "1795"]
[EventDate "2011.08.02"]

1. e4 g6 2. d4 Bg7 3. Nc3 e6 4. Be3 Ne7 5. Qd2 d5 6. Bd3 O-O 7. Nf3 c5 8.
Rd1 Nbc6 9. Be2 e5 10. exd5 Nxd4 11. Bh6 f6 12. Bxg7 Kxg7 13. Bc4 Bg4 14.
Nxd4 cxd4 15. Ne2 Rc8 16. Bb3 Nxd5 17. c3 Bxe2 18. Qxe2 Ne7 19. cxd4 exd4
20. O-O Qd6 21. Rd3 Nc6 22. Rfd1 Rfe8 23. Qd2 Re7 24. Ba4 Rce8 25. Bxc6
bxc6 26. Rh3 Qf4 27. g3 Qf3 28. Rf1 c5 29. Qh6+ Kg8 30. Rh4 g5 31. Rh5 d3
32. h4 d2 33. hxg5 d1=Q 34. Rxd1 Re1+ 0-1

[Event "29th World Junior Girls"]
[Site "Chennai IND"]
[Date "2011.08.07"]
[Round "6"]
[White "Girya,O"]
[Black "Cori T.,D"]
[Result "1/2-1/2"]
[WhiteElo "2371"]
[BlackElo "2376"]
[EventDate "2011.08.02"]

1. d4 d5 2. c4 c6 3. Nc3 dxc4 4. e4 b5 5. a4 b4 6. Na2 Nf6 7. e5 Nd5 8.
Bxc4 e6 9. Nf3 a5 10. Bg5 Qb6 11. O-O Ba6 12. Qe2 c5 13. Nc1 Qc6 14. Nb3 h6
15. Bd2 cxd4 16. Nxa5 Bxc4 17. Nxc4 Bc5 18. Qd3 O-O 19. Nxd4 Bxd4 20. Qxd4
Rxa4 21. b3 Rxa1 22. Rxa1 Nd7 23. Ne3 Qc5 24. Qxc5 Nxc5 25. Nxd5 Nxb3 26.
Ne7+ Kh7 27. Ra2 Nxd2 28. Rxd2 Re8 29. Rd7 b3 30. Rb7 b2 31. Rxb2 Rxe7 32.
h4 h5 33. Kh2 Rd7 34. Kg3 Rd5 35. f4 Rd3+ 36. Kf2 Kg6 37. Rb7 Ra3 38. g3 f6
39. Re7 Ra6 40. Ke3 Ra3+ 41. Kf2 Ra6 42. Ke3 Ra3+ 1/2-1/2